How I Met Your Mother LEGEN - wait for it - DARY Quiz - Statistics

General Stats
  • This quiz has been taken 134 times
  • The average score is 8 of 15
Answer Stats
Questions Answers % Correct
Finish the quote '**** up' Suit
95%
Which character is telling the story? Ted Mosby
92%
What colour is the mothers umbrella? Yellow
90%
Who plays Lily Aldrin? Alyson Hannigan
84%
What is name of the stripper who Barney dates? Quinn
79%
What is Lily's first baby called (full name)? Marvin wait for it Eriksen
69%
Where is Marshall when Lily is in labour? Atlantic City
65%
What is Robin's surname? Scherbatsky
65%
Where does she work? The Lusty Leopard
52%
What is the name of the college where Ted, Lily and Marshall met? Wesleyan
46%
What did Robin land? A helicopter
41%
What is Alyson Hannigan's husbands character? Sandy Rivers
39%
What is the name of the theme song? Hey Beautiful
21%
What colour dress does Lily wear on her 32nd Birthday? Dark Blue
8%
How does Lily find out she is pregnant? She thinks she has food poisoning
4%
No matching quizzes found
Score Distribution
Percent of People with Each Score
Percentile by Number Answered
Your Score History
You have not taken this quiz